Normal view MARC view

Entry Personal Name

Number of records used in: 2

001 - CONTROL NUMBER

  • control field: 623661

003 - CONTROL NUMBER IDENTIFIER

  • control field: OSt

005 - DATE AND TIME OF LATEST TRANSACTION

  • control field: 20221005103328.0

008 - FIXED-LENGTH DATA ELEMENTS

  • fixed length control field: 221005|| aca||aabn | a|a d

040 ## - CATALOGING SOURCE

  • Original cataloging agency: OSt
  • Transcribing agency: OSt

100 ## - HEADING--PERSONAL NAME

  • Personal name: मिश्र, विद्यानिवास, संपा0

670 ## - SOURCE DATA FOUND

  • Source citation: Work cat.: (OSt)1009853: मिश्र, विद्यानिवास, संपा0, साहित्य का सौंदर्यशास्त्र, 1997
Copyright @ Delhi University Library System